Music Quiz

Random Music or Billboard Quiz

10 to 1: Billboard #1 Singles Quiz Stats

 Plays Quiz Updated Sep 19, 2015

Support Sporcle.
Go Orange.
Score 0/55 Timer 12:00
10 Plays Today
% Correct
Hey Jude
93.9%
Beat It
92%
Billie Jean
90.6%
Bad
88.8%
Penny Lane
88.6%
Help!
88.5%
Yesterday
88.2%
Black or White
86%
Can't Buy Me Love
85.9%
All Shook Up
83.1%
Vogue
83.1%
Ticket to Ride
81.7%
Are You Lonesome Tonight?
81.4%
She Loves You
80.2%
Superstition
78.2%
Paperback Writer
78.2%
I Just Called to Say I Love You
76.8%
A Big Hunk o' Love
75.4%
Dirty Diana
74.4%
Suspicious Minds
73.8%
Baby Love
73.2%
The Way You Make Me Feel
72.9%
Get Back
72.6%
You Are the Sunshine of My Life
71.3%
Rock with You
69.6%
Ben
69%
You Can't Hurry Love
68.1%
How Will I Know
66.5%
% Correct
Saving All My Love for You
65.1%
It's Now or Never
62.4%
Justify My Love
62.1%
Crazy for You
60.6%
I Feel Fine
60%
Who's That Girl
59%
You Keep Me Hangin' On
58.1%
Sir Duke
57.1%
Music
53.9%
You Are Not Alone
53.9%
Hero
53.3%
Only Girl (In the World)
51.4%
Open Your Heart
51%
I'm Your Baby Tonight
48.4%
Come See About Me
47.5%
Fantasy
47.4%
Live to Tell
45.6%
So Emotional
43.8%
Emotions
43.5%
Good Luck Charm
41.9%
Miss You Much
35.6%
Stuck on You
35.2%
All For You
35.2%
Surrender
33.9%
I Wish
29.7%
You Haven't Done Nothin'
23%
The Happening
20.9%

From the Vault

Baseball Hall of Fame or Not?

by ductilescarab90

Sports 90s
These guys really made it to the top. Or at least some of them did.
Remove Ads.
Support Sporcle.
Get the best of Sporcle when you Go Orange. This ad-free experience offers more features, more stats, and more fun while also helping to support Sporcle. Thank you for becoming a member.

Show Comments

Extras

Top Quizzes Today


Score Distribution

Your Account Isn't Verified!

In order to create a playlist on Sporcle, you need to verify the email address you used during registration. Go to your Sporcle Settings to finish the process.

Report this User

Report this user for behavior that violates our Community Guidelines.

Details: